|
|
|
|
| LEADER |
00833cam a22002417i 4500 |
| 001 |
4386535 |
| 005 |
20220318121930.0 |
| 008 |
161206s1991 enk 000 d eng d |
| 010 |
|
|
|a 91168643
|
| 020 |
|
|
|a 0571160832
|
| 040 |
|
|
|a MH
|b gre
|c MH
|d DLC
|d GR-PaULI
|e AACR2
|
| 082 |
0 |
0 |
|a 822.912
|2 23
|
| 100 |
1 |
|
|a Pinter, Harold,
|d 1930-2008
|e συγγραφέας
|9 4025
|
| 245 |
1 |
4 |
|a The collection ; and, The lover /
|c Harold Pinter.
|
| 246 |
|
|
|a The lover
|
| 260 |
|
|
|a London ;
|b Faber and Faber,
|c 1991.
|
| 300 |
|
|
|a 92 σ. ;
|c 20 εκ.
|
| 740 |
0 |
|
|a Collection.
|
| 740 |
0 |
|
|a Lover.
|
| 942 |
|
|
|2 ddc
|c BK15
|
| 952 |
|
|
|0 0
|1 0
|2 ddc
|4 0
|6 822_912000000000000_PIN
|7 0
|9 207895
|a THST
|b THST
|d 2016-12-06
|i 006899
|l 0
|o 822.912 PIN
|p 025000016645
|r 2016-12-06 00:00:00
|t 1
|v 2016.00
|w 2016-12-06
|y BK15
|
| 998 |
|
|
|c ΜΑΝΙΑ
|d 2016-12
|
| 999 |
|
|
|c 126425
|d 126425
|